|
|
|
|
| LEADER |
02345nas a2200529 a 4500 |
| 001 |
c000186763 |
| 003 |
CARM |
| 005 |
20051027183459.0 |
| 008 |
741230d19671975un mrzp 0 0ukrr |
| 010 |
|
|
|a sn 79005843
|
| 019 |
1 |
|
|a 3012500
|5 LACONCORD2021
|
| 022 |
|
|
|a 0002-3523
|
| 030 |
|
|
|a DBGGAM
|
| 035 |
|
|
|a (OCoLC)1124780
|5 LACONCORD2021
|
| 040 |
|
|
|a LC
|b eng
|c LC
|d ANL-S
|
| 041 |
0 |
|
|a ukr
|b rus
|b eng
|
| 060 |
0 |
0 |
|a W1 DO736UB
|
| 060 |
0 |
0 |
|a W1
|b DO736UA
|
| 210 |
0 |
|
|a Dopov. Akad. nauk Ukr. RSR, Ser. B, Geol. geof., him. biol
|
| 222 |
|
0 |
|a Dopovidi Akademiï nauk Ukraïnsʹkoï RSR. Serija B. Geologija, geofizika, himija ta biologija
|
| 245 |
0 |
0 |
|a Dopovidi Akademiï nauk Ukraïnsʹkoï RSR.
|n Serii︠a︡ B:
|p Heolohii︠a︡, heofizyka, khimii︠a︡ ta biolohii︠a︡.
|
| 246 |
3 |
0 |
|a Heolohii︠a︡, heofizyka, khimii︠a︡ ta biolohii︠a︡
|
| 260 |
|
|
|a Kyïv :
|b Vid-vo "Naukova Dumka",
|c 1967-1975.
|
| 300 |
|
|
|a 108 no. :
|b ill. ;
|c 26 cm.
|
| 362 |
0 |
|
|a 1967, 1 (sich. 1967)-1975, 12 (hrud. 1975)
|
| 510 |
2 |
|
|a Chemical abstracts
|x 0009-2258
|
| 510 |
2 |
|
|a GeoRef
|x 0197-7482
|
| 510 |
2 |
|
|a International aerospace abstracts
|x 0020-5842
|b 1983-
|
| 510 |
2 |
|
|a Mathematical reviews
|x 0025-5629
|
| 515 |
|
|
|a Vols. for 1967-74 called v. 29-36.
|
| 546 |
|
|
|a In Ukrainian; summaries in Russian and English.
|
| 650 |
|
0 |
|a Biology
|v Periodicals.
|
| 650 |
|
2 |
|a Biology
|v Periodicals.
|
| 650 |
|
0 |
|a Chemistry
|v Periodicals.
|
| 650 |
|
2 |
|a Chemistry
|v Periodicals.
|
| 650 |
|
0 |
|a Geology
|v Periodicals.
|
| 650 |
|
2 |
|a Geology
|v periodicals.
|
| 710 |
2 |
|
|a Akademii︠a︡ nauk Ukraïnsʹkoï RSR.
|
| 780 |
0 |
1 |
|t Dopovidi Akademiï nauk URSR
|w (DLC)sn 90017295
|
| 785 |
0 |
0 |
|a Akademii︠a︡ nauk Ukraïnsʹkoï RSR.
|t Dopovidi Akademiï nauk Ukraïnsʹkoï RSR. Serii︠a︡ B, Heolohichni, khimichni ta biolohichni nauky
|x 0377-9785
|
| 852 |
8 |
|
|b CARM
|h A2:AQ14F0
|i C07751
|p 0261650
|f SE
|
| 852 |
8 |
|
|b CARM
|h A2:AQ02B0
|i C07758
|p 0261656
|f SE
|
| 866 |
|
0 |
|a (1971)-(1975)
|
| 866 |
|
0 |
|a (1971)-(1975)
|
| 999 |
f |
f |
|i f298e627-3fdc-5d75-8313-921815f48f89
|s 87bb29d9-c0c0-5295-bbc7-c5f3372fd180
|
| 952 |
f |
f |
|p Can circulate
|a CAVAL
|b CAVAL
|c CAVAL
|d CARM 1 Store
|e C07758
|f A2:AQ02B0
|h Other scheme
|i book
|k (1974)-(1975)
|m 0261656
|
| 952 |
f |
f |
|p Can circulate
|a CAVAL
|b CAVAL
|c CAVAL
|d CARM 1 Store
|e C07751
|f A2:AQ14F0
|h Other scheme
|i book
|k (1971)-(1973)
|m 0261650
|